| 000 | 00480nam a2200193Ia 4500 | ||
|---|---|---|---|
| 005 | 20140405091817.0 | ||
| 008 | 140130s9999 xx 000 0 und d | ||
| 020 | _a0590254758 | ||
| 050 |
_aPZ 8 _b.L48Ma 1995 |
||
| 100 |
_aLewis, C.C _931334 |
||
| 245 |
_cC.C Lewis. _aThe Magician's Nephew / |
||
| 260 |
_bScholastic, _c1995. _aUSA : |
||
| 300 |
_a202 p. : _bill. ; _c22 cm. |
||
| 440 |
_v1 _931174 |
||
| 521 | _aG5 | ||
| 526 | _c790 | ||
| 942 |
_cBK _2lcc |
||
| 999 |
_c41141 _d41141 |
||